[Event "Witwatersrand USSA Cup (Women)"]
[Site "Witwatersrand"]
[Date "2015.04.23"]
[Round "1"]
[White "Caesar, Chante"]
[Black "Roets, Marlene"]
[Result "1/2-1/2"]
[WhiteElo "1608"]
[BlackElo "1338"]
[PlyCount "60"]
[EventDate "2015.04.23"]
[EventType "tourn"]
[EventRounds "9"]
[EventCountry "RSA"]
[SourceTitle "EXT 2016"]
[Source "ChessBase"]
[SourceDate "2015.10.08"]
[SourceVersion "1"]
[SourceVersionDate "2015.10.08"]
[SourceQuality "1"]

1. e4 c5 2. Nf3 d6 3. d4 cxd4 4. Nxd4 Nf6 5. Nc3 g6 6. Be2 Bg7 7. Be3 0-0 8. Qd2 Nc6 9. 0-0-0 Bd7 10. f4 Bg4 11. h3 Bxe2 12. Qxe2 Rc8 13. g4 Qc7 14. f5 Nd7 15. h4 Nxd4 16. Bxd4 Bxd4 17. Rxd4 Qc5 18. Rdd1 Ne5 19. h5 gxf5 20. gxf5 Kh8 21. Nd5 e6 22. Ne7 Rc7 23. f6 Ng4 24. Rdg1 Nxf6 25. Qg2 Ng4 26. c3 Qg5+ 27. Kb1 Qxe7 28. Qxg4 f5 29. exf5 exf5 30. Qd4+ Qf6 1/2-1/2